| 000 | 00559nam a22001937a 4500 | ||
|---|---|---|---|
| 005 | 20240719115624.0 | ||
| 010 | _aENG-140902 | ||
| 020 |
_a9788178791357 _c140.00 |
||
| 035 | _aEN-124434 | ||
| 037 | _bDBAD | ||
| 082 |
_a796.33 _21 |
||
| 100 |
_aNagi, Kunal _968587 |
||
| 245 |
_aFootball Rulebook 2009/ _cBy Kunal Nagi |
||
| 250 | _a1 | ||
| 260 |
_aNew Delhi _bSports Publications _c2009 |
||
| 270 |
_a7/26, Ground Floor, Ansari Road, Darya Ganj _bNew Delhi _e110002 |
||
| 300 |
_a80p. _c22cm(hbk) |
||
| 942 |
_2ddc _cEN _h796.33 _mNAG _e1 |
||
| 999 |
_c204208 _d204208 |
||